Tobacco: world markets and trade. l997: Leaf exports for selected countries

保存先:
書誌詳細
フォーマット: 図書
言語:Undetermined
出版事項: USA United States Department of agriculture 1997
主題:
タグ: タグ追加
タグなし, このレコードへの初めてのタグを付けませんか!
Thư viện lưu trữ: Trung tâm Học liệu Trường Đại học Cần Thơ
LEADER 00472nam a2200157Ia 4500
001 CTU_38749
008 210402s9999 xx 000 0 und d
082 |a 633.71 
082 |b T628 
245 0 |a Tobacco: world markets and trade. l997: Leaf exports for selected countries 
260 |a USA 
260 |b United States Department of agriculture 
260 |c 1997 
650 |a tobacco 
904 |i Liên, 990906 
980 |a Trung tâm Học liệu Trường Đại học Cần Thơ